Global marketing management update 2000 / (Record no. 343514)
[ view plain ]
| 000 -LEADER | |
|---|---|
| fixed length control field | 01508 a2200217 4500 |
| 020 ## - INTERNATIONAL STANDARD BOOK NUMBER | |
| International Standard Book Number | 0471353906 |
| 020 ## - INTERNATIONAL STANDARD BOOK NUMBER | |
| International Standard Book Number | 9780471353904 |
| 082 04 - DEWEY DECIMAL CLASSIFICATION NUMBER | |
| Classification number | 658.848 |
| 090 ## - LOCALLY ASSIGNED LC-TYPE CALL NUMBER (OCLC); LOCAL CALL NUMBER (RLIN) | |
| -- | 976 |
| -- | 976 |
| 100 1# - MAIN ENTRY--PERSONAL NAME | |
| Personal name | Kotabe, Masaaki. |
| 245 10 - TITLE STATEMENT | |
| Title | Global marketing management update 2000 / |
| Statement of responsibility, etc. | Masaaki Kotabe. |
| 250 ## - EDITION STATEMENT | |
| Edition statement | 2000th ed. |
| 260 ## - PUBLICATION, DISTRIBUTION, ETC. | |
| Place of publication, distribution, etc. | [S.l.] : |
| Name of publisher, distributor, etc. | John Wiley & Sons, |
| Date of publication, distribution, etc. | 1999. |
| 300 ## - PHYSICAL DESCRIPTION | |
| Extent | 711 p. ; |
| Dimensions | 26 cm. |
| 500 ## - GENERAL NOTE | |
| General note | Hardcover. |
| 520 ## - SUMMARY, ETC. | |
| Summary, etc. | The ultimate objective of this book is to help you prepare for the 21st Century and become an effective manager overseeing global marketing activities in an increasingly competitive environment. This book is the first to offer a true global, as opposed to multinational perspective on marketing. This global approach also presents marketing in a cross functional approach to the business operation. This edition addresses the reaction to the recent 1998 Asian financial crisis and how these dramatic changes and their effect on the rest of our global economy. Also, based on European countries trying to create a unified European economy, the prominent event of the introduction of a common European currency, the Euro, on January 1, 1999 has impact world wide. Issues surrounding these events are covered at length. |
| 700 1# - ADDED ENTRY--PERSONAL NAME | |
| Personal name | Helsen, Kristiaan. |
| 856 40 - ELECTRONIC LOCATION AND ACCESS | |
| Materials specified | Amazon.com |
| Uniform Resource Identifier | <a href="http://www.amazon.com/exec/obidos/ASIN/0471353906/chopaconline-20">http://www.amazon.com/exec/obidos/ASIN/0471353906/chopaconline-20</a> |
| 856 40 - ELECTRONIC LOCATION AND ACCESS | |
| Materials specified | Amazon customer reviews |
| Uniform Resource Identifier | <a href="http://www.chopac.org/cgi-bin/tools/azrev.pl?q=0471353906">http://www.chopac.org/cgi-bin/tools/azrev.pl?q=0471353906</a> |
| 942 ## - ADDED ENTRY ELEMENTS (KOHA) | |
| Institution code [OBSOLETE] | NBS |
| Koha item type | Book |
| Call number prefix | 658.848 KOT |
| Withdrawn status | Lost status | Damaged status | Not for loan | Permanent Location | Current Location | Date acquired | Total Checkouts | Full call number | Barcode | Date last seen | Price effective from | Koha item type |
|---|---|---|---|---|---|---|---|---|---|---|---|---|
| Central Library (CL) | Central Library (CL) | 08/28/2013 | 658.848 KOT | NBS3185 | 08/28/2013 | 08/28/2013 | Book | |||||
| Central Library (CL) | Central Library (CL) | 08/28/2013 | 658.848 KOT | NBS3186 | 08/28/2013 | 08/28/2013 | Book |
